Dzielnice-Tomaszów Mazowiecki - Statystyki

Ogólne statystyki
  • Ten quiz został rozwiązany 16 razy
  • Średni wynik to 4 z 16
Statystyki odpowiedzi
Odpowiedź % Poprawnych
Niebrów
83%
Białobrzegi
67%
Ludwików
50%
Starzyce
33%
WIlanów
33%
Hubala
25%
Kaczka
25%
Nagórzyce
25%
Michałówek
17%
Brzóstówka
8%
Niwka
8%
Rolandówka
8%
Szymanówek
8%
Wola Wiaderno
8%
Strzelecka
0%
Zielona
0%
Nie znaleziono quizów pasujących do podanych kryteriów
Rozkład punktacji
Procent ludzi z każdym wynikiem
Percentyl według liczby udzielonych odpowiedzi
Twoja historia wyników
Nie rozwiązałeś tego quizu